Clone Commanders & Captains by Face - Statistics

General Stats
  • This quiz has been taken 34 times
  • The average score is 9 of 12
Answer Stats
Picture Answer % Correct
Captain Rex
100%
Commander Bly
96%
Commander Cody
96%
Captain Howzer
91%
Commander Gree
91%
Commander Wolffe
91%
Captain Keeli
83%
Commander Colt
70%
Captain Gregor
65%
Commander Stone
30%
Captain Zak
26%
Captain Silver
17%
No matching quizzes found
Score Distribution
Percent of People with Each Score
Percentile by Number Answered
Your Score History
You have not taken this quiz